Die Pfarrkirche St

Titel: Die Pfarrkirche St : Johannis zu Thorn als Abbild der sozialen Sinnesart des mittelalterlichen Bürgertums
Verfasser:
In: Licht und Farbe in der mittelalterlichen Backsteinarchitektur des südlichen Ostseeraums, (2005), Seite 408-436, 32 Abb.
alle Artikel anzeigen
Veröffentlicht: 2005
Format: Aufsatz
Sprache: Deutsch
Kein Bild verfügbar
X
alg: 39170560
001A    $01999:11-11-16 
001B    $01999:15-05-21 $t21:02:33.000 
001D    $01999:11-11-16 
001U    $0utf8 
001X    $00 
002@    $0Aox 
003@    $0391705601 
007A    $0391705601 $aHEB 
007T    $0Herdc0015853m 
010@    $ager 
011@    $a2005 
021A    $aDie @Pfarrkirche St $dJohannis zu Thorn als Abbild der sozialen Sinnesart des mittelalterlichen Bürgertums 
028A    $aPilecka $dElżbieta 
031A    $h408-436, 32 Abb. $j2005 
039B    $aIn $8--Aau--. Licht und Farbe in der mittelalterlichen Backsteinarchitektur des südlichen Ostseeraums. - Erstausg., 1. Aufl.. - Berlin : Lukas-Verl., 2005. - 547 S.. - Ill., graph. Darst.. - ISBN 978-3-936872-11-8 $x200500000000000592 $9127596496 
045F    $a307.094382 $eDDC23BSB 
045F/01 $a307.09 
045F/03 $g4382 
045F/03 $g43832 

lok: 39170560 78

exp: 39170560 78 1 #EPN
201B/01 $030-11-17 $t23:16:39.000 
201U/01 $0utf8 
203@/01 $0787800309 
208@/01 $a11-11-16 $be 
209A/01 $a/ $f000 $x00 
220C/01 $aTitelaufnehmer: gk;kh 
244Z/01 $2Trx $#Prusy Wschodnie i Zachodnie $8--Trx--Ost- und Westpreußen $x01 $939113373X 
244Z/01 $#Thorun $#Torunė $#Thorn $72024611-0 $8--Tg1--Toruń $x02 $9042779502 
244Z/01 $aGeschichte 1236-1500 $x03 
244Z/01 $2Trx $#kirikud hooned $#bažnyčių pastatai $#churches buildings $#templomok épületek $#kościoły budynki $#kostoly budovy $#kostely budovy $8--Trx--Kirchen$gGebäude $x04 $9391363778 
244Z/01 $2Trx $#arhitektuur, sakraalne $#sakralinė architektūra $#Architecture, sacral $#építészet, szakrális $#architektura sakralna $#architektúra, sakrálna $#architektura sakrální $#Kirchenbau $#stavba kostolov $8--Trx--Architektur, sakrale $x05 $9391375059 
244Z/01 $2Trx $#kunst, sakraalne $#sakralinis menas $#Art, sacred $#müvészet, szakrális $#sztuka sakralna $#umenie sakrálne $#umění sakrální $8--Trx--Kunst, sakrale $x06 $9391354639 
244Z/01 $2Trx $#arhitektuur tellis $#architektūra, plytų gotika $#brick architecture $#építészet téglakö $#architektura, gotyk ceglany $#architektúra tehla $#architektura cihla $#Kirchenbau $#Backsteingotik $#stavba kostolov $#gotika tehla $8--Trx--Architektur$gBackstein $x07 $9391377086 
244Z/01 $2Trx $8--Trx--Einzelbeiträge $x08 $9391384570 
245Z/01 $a13.03 $x01 
245Z/01 $a11.11 $x02 
247C/01 $82080>Marburg/Lahn, Herder-Institut, Forschungsbibliothek, Bibliographieportal $9336309341
LEADER 00000caa a22000002c 4500
001 391705601
003 DE-603
005 20210515210233.0
007 tu
008 161111s2005 xx |||| | u00||u|ger c
035 |a (DE-599)HEB391705601 
040 |a DE-603  |b ger  |c DE-603  |d DE-603 
041 |a ger 
082 0 4 |8 1\u  |a 307.094382  |q DE-101  |2 23/BSB 
085 |8 1\u  |b 307.09 
085 |8 1\u  |z 2  |s 4382 
085 |8 1\u  |z 2  |s 43832 
100 1 |a Pilecka, Elżbieta 
245 0 0 |a ˜Dieœ Pfarrkirche St  |b Johannis zu Thorn als Abbild der sozialen Sinnesart des mittelalterlichen Bürgertums 
264 0 |c 2005 
773 0 8 |i In  |t Licht und Farbe in der mittelalterlichen Backsteinarchitektur des südlichen Ostseeraums  |b Erstausg., 1. Aufl.  |d Berlin : Lukas-Verl., 2005  |h 547 S., Ill., graph. Darst.  |z 3936872112  |z 9783936872118  |g (2005), Seite 408-436, 32 Abb.  |w (DE-603)127596496 
924 0 |9 2080  |a (DE-603)787800309  |b DE-2080  |c HES  |d d  |g /